[Event "4NCL Div 2 2024-25"]
[Site "England ENG"]
[Date "2025.01.26"]
[Round "4.56"]
[White "Rawlinson, Aidan M"]
[Black "Alizada, Eldar"]
[Result "1/2-1/2"]
[WhiteElo "2058"]
[BlackElo "1997"]
[WhiteTeam "Greater Woodpushers"]
[BlackTeam "SchachAttack"]
[WhiteFideId "413496"]
[BlackFideId "464104"]
[EventDate "2024.11.23"]

1. d4 d5 2. c4 e6 3. Nf3 Nf6 4. g3 Bb4+ 5. Bd2 Be7 6. Bg2 O-O 7. O-O c6 8. Qc2
b6 9. Bf4 Bb7 10. Rd1 Nbd7 11. Ne5 Nh5 12. Bd2 Nhf6 13. cxd5 cxd5 14. Nc6 Bxc6
15. Qxc6 Rc8 16. Qb5 Qc7 17. e3 Qc4 18. Bf1 Qxb5 19. Bxb5 Nb8 20. Nc3 a6 21. Bd3
b5 22. Rac1 Rc7 23. f3 Rfc8 24. Kf2 Bb4 25. Ke1 Nfd7 26. Ne2 Rxc1 27. Rxc1 Rxc1+
28. Nxc1 Bxd2+ 29. Kxd2 Nb6 30. Nb3 Kf8 31. Nc5 Ke7 32. b3 h6 33. Kc3 Kd6 34. f4
N6d7 35. b4 Nb6 36. g4 g5 37. h3 f6 38. Be2 Nc4 39. Bxc4 dxc4 40. f5 exf5 41.
gxf5 h5 42. Ne4+ Ke7 43. Ng3 h4 44. Ne4 Nd7 45. Nf2 Nb6 46. e4 Nc8 47. a4 Na7
48. a5 Nc6 49. Ng4 Kf7 50. Ne3 Ke7 51. Ng4 Kf7 52. Ne3 1/2-1/2

[Event "4NCL Div 2 2024-25"]
[Site "England ENG"]
[Date "2025.01.26"]
[Round "4.57"]
[White "Handley, Michael R"]
[Black "Longson, Sarah N"]
[Result "1/2-1/2"]
[BlackTitle "WFM"]
[WhiteElo "1999"]
[BlackElo "1953"]
[WhiteTeam "SchachAttack"]
[BlackTeam "Greater Woodpushers"]
[WhiteFideId "450740"]
[BlackFideId "2501465"]
[EventDate "2024.11.23"]

1. d4 d5 2. c4 c6 3. cxd5 cxd5 4. Bf4 Nc6 5. e3 Nf6 6. Nc3 a6 7. Be2 Bf5 8. g4
Bg6 9. h4 h5 10. g5 Ne4 11. Nxe4 Bxe4 12. f3 Bf5 13. Nh3 e6 14. a3 Bxh3 15. Rxh3
Bd6 16. Bxd6 Qxd6 17. f4 g6 18. Bd3 O-O 19. Rh2 Rfc8 20. Rc1 Nxd4 21. Rxc8+ Rxc8
22. Bxg6 Nf3+ 23. Qxf3 fxg6 24. Rd2 Rc1+ 25. Rd1 Qc5 26. Qe2 Rc4 27. Qd3 Kf7 28.
Kd2 b5 29. b3 Re4 30. Rc1 Qb6 31. Rc8 b4 32. a4 a5 33. Ke2 Ke7 34. Kf3 e5 35.
Rb8 Rxf4+ 36. Ke2 Qxb8 37. exf4 Qd6 38. f5 e4 39. f6+ Kf7 40. Qb5 Qh2+ 41. Kf1
Qh1+ 42. Ke2 Qh2+ 1/2-1/2

[Event "4NCL Div 2 2024-25"]
[Site "England ENG"]
[Date "2025.01.26"]
[Round "4.58"]
[White "Wong, Chun Hei"]
[Black "Shepherd, Tom"]
[Result "1-0"]
[WhiteElo "1937"]
[BlackElo "1937"]
[WhiteTeam "Greater Woodpushers"]
[BlackTeam "SchachAttack"]
[WhiteFideId "6007120"]
[BlackFideId "447005"]
[EventDate "2024.11.23"]

1. d4 d5 2. c4 e6 3. Nc3 Nf6 4. cxd5 Nxd5 5. e4 Nxc3 6. bxc3 c5 7. Rb1 Be7 8.
Nf3 O-O 9. Bc4 a6 10. O-O b5 11. Bd3 Qc7 12. Qe2 Bb7 13. a4 cxd4 14. cxd4 b4 15.
Bb2 a5 16. Rbc1 Qd8 17. Rfd1 Nd7 18. Qe3 Nb6 19. Bb5 Rc8 20. Ne5 Bd6 21. Nc6
Bxc6 22. Bxc6 Rb8 23. f4 Qe7 24. d5 exd5 25. Qd4 f6 26. exd5 Rfc8 27. Re1 Qd8
28. Re6 Qf8 29. Qe4 Na8 30. Bd4 Nc7 31. Rxd6 Qxd6 32. Bc5 Qd8 33. Be7 1-0

[Event "4NCL Div 2 2024-25"]
[Site "England ENG"]
[Date "2025.01.26"]
[Round "4.61"]
[White "Cooksey, Paul S"]
[Black "Dunn, Maxim"]
[Result "1-0"]
[WhiteTitle "FM"]
[WhiteElo "2244"]
[BlackElo "1951"]
[WhiteTeam "Crowthorne A"]
[BlackTeam "Iceni 1"]
[WhiteFideId "405051"]
[BlackFideId "456551"]
[EventDate "2024.11.23"]

1. d4 d5 2. c4 c6 3. Nf3 Nf6 4. Nc3 e6 5. e3 Nbd7 6. Qc2 Bd6 7. b3 O-O 8. Be2 b6
9. O-O Bb7 10. Bb2 Qe7 11. Rad1 Rad8 12. Rfe1 Rfe8 13. g3 c5 14. cxd5 exd5 15.
Bf1 Ne4 16. dxc5 Ndxc5 17. Nb5 Bb8 18. Nbd4 a6 19. Ba1 Rc8 20. Qb2 f6 21. Bh3
Rcd8 22. b4 Nd7 23. Qb3 Ne5 24. Nxe5 fxe5 25. Ne2 Qf7 26. f4 g5 27. Rf1 Qh5 28.
Bg2 exf4 29. Bf3 Qg6 30. exf4 gxf4 31. g4 Nf6 32. h3 Re3 33. Qb2 Be5 34. Qd2 Ne4
35. Qc1 Bxa1 36. Nxf4 Qg5 37. Qxe3 Be5 38. Bxe4 dxe4 39. Qb3+ Kh8 40. Ne6 Bh2+
41. Kxh2 Qe5+ 42. Qg3 Qb2+ 43. Rf2 1-0

[Event "4NCL Div 2 2024-25"]
[Site "England ENG"]
[Date "2025.01.26"]
[Round "4.62"]
[White "Cole, James"]
[Black "Kacprzak, Kacper"]
[Result "0-1"]
[BlackTitle "FM"]
[WhiteElo "1974"]
[BlackElo "2298"]
[WhiteTeam "Iceni 1"]
[BlackTeam "Crowthorne A"]
[WhiteFideId "431818"]
[BlackFideId "21819319"]
[EventDate "2024.11.23"]

1. e4 c5 2. Nf3 d6 3. d4 cxd4 4. Qxd4 Nc6 5. Bb5 Bd7 6. Bxc6 Bxc6 7. Nc3 Nf6 8.
Bg5 e6 9. O-O-O Be7 10. Qd3 Qa5 11. h4 h6 12. Bd2 e5 13. Kb1 Qa6 14. Qxa6 bxa6
15. Rde1 Ng4 16. Re2 Rf8 17. Ne1 f5 18. f3 Nf6 19. Nd3 fxe4 20. fxe4 a5 21. a4
Kd7 22. b3 Nh5 23. Rh3 Rf1+ 24. Ka2 Raf8 25. Nd5 Bd8 26. c4 Ke6 27. Bc3 Nf6 28.
Nxf6 gxf6 29. g4 Rg1 30. Bd2 Rxg4 31. Bxh6 Rh8 32. Nf2 Rg2 33. Be3 Bxe4 34. Bxa7
Bf5 35. Rh1 Bg4 36. Ree1 f5 37. Reg1 Rxg1 38. Rxg1 Rxh4 39. Ka3 Rh7 40. Be3 Rg7
41. b4 axb4+ 42. Kxb4 Rb7+ 43. Kc3 Bh5 44. Rh1 Ba5+ 45. Kc2 Bg6 0-1

[Event "4NCL Div 2 2024-25"]
[Site "England ENG"]
[Date "2025.01.26"]
[Round "4.63"]
[White "Starosta, Martyna"]
[Black "Hughes, Roy"]
[Result "1/2-1/2"]
[WhiteTitle "WFM"]
[WhiteElo "2203"]
[BlackElo "2004"]
[WhiteTeam "Crowthorne A"]
[BlackTeam "Iceni 1"]
[WhiteFideId "21818754"]
[BlackFideId "412481"]
[EventDate "2024.11.23"]

1. e4 d5 2. exd5 Qxd5 3. Nc3 Qd6 4. d4 Nf6 5. Nf3 c6 6. Ne5 Nbd7 7. f4 Nb6 8. g4
Nbd5 9. Bc4 Be6 10. Nxd5 Bxd5 11. O-O Bxc4 12. Nxc4 Qe6 13. Ne5 g6 14. a4 h5 15.
g5 Nd7 16. Ra3 Bg7 17. Nf3 h4 18. Re3 Qg4+ 19. Kh1 Nb6 20. Qe2 Nd5 21. Re4 Qd7
22. Re1 e6 23. c4 Ne7 24. b3 Nf5 25. Rd1 Rd8 26. Ba3 Bf8 27. Ne5 Qc7 28. Bb2 Bg7
29. Ng4 Nd6 30. Ba3 Nxe4 31. Qxe4 Kd7 32. d5 exd5 33. cxd5 Kc8 34. d6 Qd7 35.
Ne5 Bxe5 36. fxe5 Rh5 37. Qf4 Qf5 38. Qxf5+ gxf5 39. g6 Kd7 40. gxf7 Rh7 41. Rg1
Rxf7 42. Rg6 Re8 43. Bb2 f4 44. Kg2 Re6 45. Rg8 f3+ 46. Kf2 Rh6 47. Bc1 Rh5 48.
Bg5 Rxg5 49. Rxg5 Ke6 50. Rh5 c5 51. Rxh4 Kxe5 52. Rh3 Kxd6 53. Rxf3 Rh7 54. Kg3
c4 55. bxc4 Kc5 56. Rf4 Kb4 57. c5+ Kxc5 58. h4 a6 59. a5 b5 60. axb6 Kxb6 61.
Rf5 a5 62. h5 a4 1/2-1/2

[Event "4NCL Div 2 2024-25"]
[Site "England ENG"]
[Date "2025.01.26"]
[Round "4.64"]
[White "Gibbs, Dominic V"]
[Black "Webb, Richard M"]
[Result "1/2-1/2"]
[BlackTitle "FM"]
[WhiteElo "1961"]
[BlackElo "2174"]
[WhiteTeam "Iceni 1"]
[BlackTeam "Crowthorne A"]
[WhiteFideId "412090"]
[BlackFideId "404829"]
[EventDate "2024.11.23"]

1. e4 c5 2. c3 Nf6 3. e5 Nd5 4. Bc4 Nb6 5. Bb3 Nc6 6. Nf3 d6 7. exd6 e6 8. d4
cxd4 9. cxd4 Bxd6 10. O-O O-O 11. Re1 Nd5 12. Nc3 Nxc3 13. bxc3 Bd7 14. Qd3 Be7
15. Bc2 g6 16. Bh6 Re8 17. Rad1 Qa5 18. h4 Rac8 19. Bg5 Bf8 20. Nd2 h6 21. Ne4
hxg5 22. Nf6+ Kg7 23. Nxd7 Rcd8 24. Nxf8 Rxf8 25. Rxe6 Qf5 26. Qxf5 gxf5 27.
Ree1 gxh4 28. Bxf5 Kf6 29. Bc2 Rfe8 30. Rxe8 Rxe8 31. Kf1 Na5 32. Re1 Rc8 33.
Re3 Nc4 34. Rf3+ Ke7 35. Ke2 Nd6 36. Bb3 b5 37. Kd3 Rg8 38. Rh3 Rxg2 39. Ke3 Rg1
40. Ke2 Rc1 41. Rxh4 Rxc3 42. Rh8 a5 43. Ra8 a4 1/2-1/2

[Event "4NCL Div 2 2024-25"]
[Site "England ENG"]
[Date "2025.01.26"]
[Round "4.65"]
[White "Thompson, Ian D"]
[Black "Gilmore, Simon N"]
[Result "1-0"]
[WhiteTitle "FM"]
[WhiteElo "2018"]
[BlackElo "1941"]
[WhiteTeam "Crowthorne A"]
[BlackTeam "Iceni 1"]
[WhiteFideId "405205"]
[BlackFideId "408719"]
[EventDate "2024.11.23"]

1. c4 b6 2. Nc3 Bb7 3. e4 c5 4. Nf3 e6 5. Bd3 Nc6 6. O-O d6 7. Bc2 g6 8. d4 Bg7
9. d5 Nd4 10. Ba4+ Kf8 11. dxe6 fxe6 12. Be3 e5 13. Nd5 Nf6 14. Nd2 Nxd5 15.
exd5 Bf6 16. Ne4 Nf5 17. Bd2 Kg7 18. f4 Rf8 19. Nxf6 Qxf6 20. fxe5 Qxe5 21. Bc3
Nd4 22. Re1 Qf6 23. Bxd4 cxd4 24. Qd2 Qf4 25. Re7+ 1-0

[Event "4NCL Div 2 2024-25"]
[Site "England ENG"]
[Date "2025.01.26"]
[Round "4.66"]
[White "Moore, Gerald"]
[Black "Noyce, Robert C"]
[Result "1/2-1/2"]
[WhiteElo "1938"]
[BlackElo "2065"]
[WhiteTeam "Iceni 1"]
[BlackTeam "Crowthorne A"]
[WhiteFideId "403440"]
[BlackFideId "403059"]
[EventDate "2024.11.23"]

1. c4 f5 2. Nf3 Nf6 3. g3 g6 4. Bg2 Bg7 5. O-O O-O 6. d4 d6 7. Nc3 Qe8 8. d5 Na6
9. Rb1 Rb8 10. Nd4 Bd7 11. b4 c5 12. dxc6 bxc6 13. b5 cxb5 14. cxb5 Nc5 15. Nc6
Bxc6 16. Bxc6 Qd8 17. Be3 Qa5 18. Nd5 Nxd5 19. Qxd5+ Kh8 20. Bxc5 dxc5 21. Qxc5
a6 22. Qxe7 axb5 23. e3 Qxa2 1/2-1/2

[Event "4NCL Div 2 2024-25"]
[Site "England ENG"]
[Date "2025.01.26"]
[Round "4.67"]
[White "Tart, Peter K"]
[Black "Sagues, Vincent"]
[Result "1/2-1/2"]
[WhiteElo "1885"]
[BlackElo "1936"]
[WhiteTeam "Crowthorne A"]
[BlackTeam "Iceni 1"]
[WhiteFideId "471070"]
[BlackFideId "625680"]
[EventDate "2024.11.23"]

1. e4 e6 2. Nc3 d5 3. Nf3 Nf6 4. e5 Nfd7 5. d4 c5 6. dxc5 Nc6 7. Bf4 Bxc5 8. Bd3
f6 9. exf6 Nxf6 10. O-O O-O 11. Bg3 Bd7 12. Ne2 Qb6 13. b3 Rae8 14. c4 Nb4 15.
Nc3 Nxd3 16. Qxd3 Bc6 17. Ne5 Bd4 18. Rad1 Bxc3 19. Qxc3 Ne4 20. Qd4 Qxd4 21.
Rxd4 Rf5 22. Nxc6 Nxg3 23. Ne7+ Rxe7 24. hxg3 1/2-1/2

[Event "4NCL Div 2 2024-25"]
[Site "England ENG"]
[Date "2025.01.26"]
[Round "4.68"]
[White "Latypova, Olga L"]
[Black "Shek, Daniel"]
[Result "1/2-1/2"]
[WhiteElo "1812"]
[BlackElo "1844"]
[WhiteTeam "Iceni 1"]
[BlackTeam "Crowthorne A"]
[WhiteFideId "472476"]
[BlackFideId "457817"]
[EventDate "2024.11.23"]

1. e4 c5 2. Nf3 Nc6 3. d4 cxd4 4. Nxd4 e5 5. Nb5 Nf6 6. N1c3 Bc5 7. Nd6+ Bxd6 8.
Qxd6 Qe7 9. Qd1 d6 10. Bg5 Be6 11. Nd5 Bxd5 12. exd5 Nb8 13. Bb5+ Nbd7 14. c4 h6
15. Be3 O-O 16. O-O Rfc8 17. Rc1 a6 18. Ba4 Rc7 19. Bc2 Rac8 20. b3 e4 21. Re1
b5 22. cxb5 axb5 23. Bb1 Rxc1 24. Bxc1 Nb6 25. Bb2 Kf8 26. Bxf6 Qxf6 27. Bxe4
Qb2 28. Qd3 Rc1 29. Rxc1 Qxc1+ 30. Qf1 Qd2 31. Bf3 Qxa2 32. Qd1 Nd7 33. Be2 b4
34. g3 Nc5 35. Bc4 Ne4 36. Qe2 Qa1+ 37. Kg2 f5 38. Qf3 Qe5 39. Qe3 Nf6 40. Qd2
Qe4+ 41. f3 Qe5 42. Kf2 g5 43. Qxb4 g4 44. Qd2 gxf3 45. Qxh6+ Kf7 46. Qf4 Qb2+
47. Kxf3 Qxh2 48. Qxf5 Qh1+ 49. Ke3 Qe1+ 50. Kd4 Qa1+ 51. Ke3 Qe1+ 52. Kf3 Qh1+
53. Kf2 Qh2+ 54. Kf3 Qh1+ 55. Kf2 1/2-1/2

[Event "4NCL Div 2 2024-25"]
[Site "England ENG"]
[Date "2025.02.15"]
[Round "5.11"]
[White "Hobson, Kenneth"]
[Black "Webb, Richard M"]
[Result "1-0"]
[WhiteTitle "FM"]
[BlackTitle "FM"]
[WhiteElo "2331"]
[BlackElo "2174"]
[WhiteTeam "Oxford 1"]
[BlackTeam "Crowthorne A"]
[WhiteFideId "480819"]
[BlackFideId "404829"]
[EventDate "2024.11.23"]

1. e4 c5 2. Nf3 d6 3. d4 cxd4 4. Nxd4 Nf6 5. Nc3 g6 6. Be3 Bg7 7. f3 O-O 8. Qd2
Nc6 9. O-O-O d5 10. exd5 Nxd5 11. Nxc6 bxc6 12. Bd4 e5 13. Bc5 Re8 14. Nxd5 cxd5
15. Bb5 Be6 16. Bxe8 Qxe8 17. Rhe1 Rc8 18. Qa5 Qc6 19. b4 Bf6 20. c4 d4 21. Qb5
Qc7 22. f4 exf4 23. Qa6 Qd7 24. Re4 d3 25. Rxd3 Qxd3 26. Qxc8+ Bd8 27. Rxe6 1-0

[Event "4NCL Div 2 2024-25"]
[Site "England ENG"]
[Date "2025.02.15"]
[Round "5.13"]
[White "Pozimski, Szymon"]
[Black "Thompson, Ian D"]
[Result "1-0"]
[BlackTitle "FM"]
[WhiteElo "2008"]
[BlackElo "2018"]
[WhiteTeam "Oxford 1"]
[BlackTeam "Crowthorne A"]
[WhiteFideId "1138855"]
[BlackFideId "405205"]
[EventDate "2024.11.23"]

1. c4 e6 2. Nc3 d5 3. d4 c6 4. Qb3 Nf6 5. Bg5 Nbd7 6. Nf3 Be7 7. e3 h6 8. Bh4 b6
9. Be2 Bb7 10. O-O O-O 11. Rfd1 Ne4 12. Bxe7 Qxe7 13. Nxe4 dxe4 14. Nd2 c5 15.
dxc5 Nxc5 16. Qc3 Rfd8 17. Nf1 a5 18. b3 g6 19. Ng3 h5 20. Bf1 e5 21. Qc2 f5 22.
Ne2 Nd3 23. Nc3 Nb4 24. Qe2 f4 25. exf4 exf4 26. Rxd8+ Rxd8 27. Rd1 Rxd1 28.
Nxd1 Qe5 29. Qd2 Kh7 30. Qd7+ Qg7 31. Qd6 Nc6 32. Qxf4 Qe7 33. Qd2 Ne5 34. Ne3
Qg5 35. Kh1 Kh6 36. Qd4 Ng4 37. Nxg4+ hxg4 38. Qxb6 Qc1 39. Qe3+ Qxe3 40. fxe3 1-0

[Event "4NCL Div 2 2024-25"]
[Site "England ENG"]
[Date "2025.02.15"]
[Round "5.14"]
[White "Purdon, Colin"]
[Black "Udovenko, Daniel"]
[Result "1/2-1/2"]
[WhiteElo "1968"]
[BlackElo "2090"]
[WhiteTeam "Crowthorne A"]
[BlackTeam "Oxford 1"]
[WhiteFideId "408581"]
[BlackFideId "30957508"]
[EventDate "2024.11.23"]

1. d4 Nf6 2. c4 g6 3. Nc3 Bg7 4. e4 O-O 5. Nf3 d6 6. Be2 e5 7. Be3 Bg4 8. dxe5
Bxf3 9. Bxf3 dxe5 10. Qb3 Nc6 11. Qxb7 Nd4 12. Bxd4 exd4 13. Nd5 Nd7 14. Qxc7
Qxc7 15. Nxc7 Rac8 16. Nd5 Rxc4 17. O-O Rc2 18. Rac1 Rxb2 19. Rc7 Ne5 20. Rxa7
d3 21. Bd1 Nc4 22. Bb3 Nd2 23. Rd1 Nxe4 24. Rxd3 Nxf2 25. Ne7+ Kh8 26. Rdd7 Ne4
27. g3 Ng5 28. Nc6 Nf3+ 29. Kf1 Nxh2+ 30. Kg1 Nf3+ 31. Kf1 Nd2+ 32. Kg1 Nxb3 33.
axb3 Rxb3 34. Kg2 Kg8 35. Nd8 Rb2+ 36. Kh3 Rf2 37. Ne6 Re8 38. Nf4 Rf8 39. Ne6
Re8 40. Nf4 Bf8 41. Rxf7 g5 42. Rxh7 gxf4 43. Rh4 Re6 44. Rg4+ Kh8 45. Rxf4 Rxf4
46. gxf4 Re4 47. Kg4 Bd6 48. Kf5 Rxf4+ 49. Ke6 Bc5 50. Rb7 Bd4 51. Kd5 Bg7 52.
Ra7 Kh7 53. Ra6 Bf6 54. Ra2 Kg6 55. Ke6 Re4+ 56. Kd5 Re1 57. Rc2 Bg5 58. Rf2 Bf6
59. Rg2+ Kf7 60. Ra2 Re5+ 61. Kd6 Re4 62. Ra7+ Kg6 63. Ra2 Bg5 64. Kd5 Kf5 65.
Rf2+ Bf4 66. Rf1 Re8 67. Rh1 Rd8+ 68. Kc4 Ke4 69. Rh4 Rc8+ 70. Kb4 Ke3 71. Kb5
Kf3 72. Rh3+ Ke2 73. Rh4 Ke3 74. Rh3+ Kd4 75. Rh4 Rf8 76. Rh5 Be5 77. Rh4+ Kd5
78. Rh5 Rb8+ 79. Ka5 Ke6 80. Ka4 Kd6 81. Rg5 Kd5 82. Rh5 Rb1 83. Ka5 Kd6 84. Ka4
Kd5 85. Ka5 Rb2 86. Rg5 Re2 87. Kb5 Rc2 88. Rh5 Rc5+ 89. Kb4 Kc6 90. Rh6+ Bd6
91. Kb3 Rc1 92. Rg6 Kd5 93. Rg2 Bf4 94. Rc2 Rb1+ 95. Rb2 Rg1 96. Rc2 Rg8 97. Ka4
Rb8 98. Ka3 Kd4 1/2-1/2

[Event "4NCL Div 2 2024-25"]
[Site "England ENG"]
[Date "2025.02.15"]
[Round "5.15"]
[White "Zakarian, Dimitrios Levon"]
[Black "Shek, Daniel"]
[Result "1-0"]
[WhiteElo "2068"]
[BlackElo "1844"]
[WhiteTeam "Oxford 1"]
[BlackTeam "Crowthorne A"]
[WhiteFideId "453080"]
[BlackFideId "457817"]
[EventDate "2024.11.23"]

1. d4 Nf6 2. c4 c5 3. d5 e6 4. Nc3 exd5 5. cxd5 d6 6. Nf3 g6 7. Bf4 Bg7 8. Qa4+
Qd7 9. Bxd6 Qxa4 10. Nxa4 Nxd5 11. O-O-O Be6 12. Nxc5 Nd7 13. Nxe6 fxe6 14. e4
N5f6 15. Bd3 Ng4 16. Rhf1 Nge5 17. Nxe5 Nxe5 18. Bb5+ Nc6 19. f4 Rc8 20. Kb1 a6
21. Bxc6+ Rxc6 22. f5 gxf5 23. exf5 Bf8 24. Bg3 Bc5 25. Rfe1 1-0

[Event "4NCL Div 2 2024-25"]
[Site "England ENG"]
[Date "2025.02.15"]
[Round "5.16"]
[White "Duckers, Harvey L"]
[Black "Manley, Jon P"]
[Result "0-1"]
[WhiteElo "1879"]
[BlackElo "2090"]
[WhiteTeam "Crowthorne A"]
[BlackTeam "Oxford 1"]
[WhiteFideId "407909"]
[BlackFideId "403296"]
[EventDate "2024.11.23"]

1. c4 e5 2. Nc3 Nc6 3. g3 g6 4. Bg2 Bg7 5. d3 d6 6. Nf3 Nge7 7. O-O O-O 8. Rb1
a5 9. a3 Bg4 10. h3 Bd7 11. Bd2 Nd4 12. Ne1 c6 13. e3 Ne6 14. f4 exf4 15. gxf4
Nf5 16. Nf3 Qb6 17. d4 Qa6 18. b3 Rae8 19. Re1 Nc7 20. Kh2 Re7 21. Bf1 Qa7 22.
Qc1 b5 23. cxb5 cxb5 24. Bd3 Rfe8 25. b4 a4 26. Nd1 Qb7 27. Ng1 Nxd4 28. exd4
Rxe1 29. Bxe1 Rxe1 30. Qd2 Re8 31. Qf2 Qd5 32. Ne2 Qh5 33. Ng1 Ne6 34. d5 Nxf4 0-1

[Event "4NCL Div 2 2024-25"]
[Site "England ENG"]
[Date "2025.02.15"]
[Round "5.17"]
[White "Hariharan, Shambavi"]
[Black "Tart, Peter K"]
[Result "1-0"]
[WhiteTitle "WCM"]
[WhiteElo "2034"]
[BlackElo "1885"]
[WhiteTeam "Oxford 1"]
[BlackTeam "Crowthorne A"]
[WhiteFideId "488160"]
[BlackFideId "471070"]
[EventDate "2024.11.23"]

1. Nf3 f5 2. g3 Nf6 3. Bg2 d6 4. O-O e5 5. d3 Be7 6. c4 Nc6 7. Nc3 O-O 8. Rb1 a5
9. a3 Qe8 10. b4 axb4 11. axb4 Qh5 12. Nb5 Bd8 13. Bd2 f4 14. e3 Bg4 15. Qe2 e4
16. dxe4 Nxe4 17. h3 Bxh3 18. Bxh3 Qxh3 19. exf4 Nxd2 20. Qxd2 Qd7 21. Kg2 Bf6
22. Rh1 Na7 23. Qd5+ Qf7 24. Nxc7 Rac8 25. Ne6 Rfe8 26. f5 h6 27. b5 Rxe6 28.
fxe6 Qe7 29. Nd4 Bxd4 30. Qxd4 Rc5 31. Rbe1 Nc8 32. Qg4 Rg5 33. Qf3 Nb6 34. Re4
Rc5 35. Rh5 Rxc4 36. Rf5 Rxe4 37. Qxe4 d5 38. Qe5 Nc4 39. Qxd5 Nd6 40. Rf3 Kh7
41. Rd3 1-0

[Event "4NCL Div 2 2024-25"]
[Site "England ENG"]
[Date "2025.02.15"]
[Round "5.18"]
[White "Grimmett, Ashton"]
[Black "Murawski, Jan"]
[Result "1/2-1/2"]
[BlackTitle "CM"]
[WhiteElo "1782"]
[BlackElo "2123"]
[WhiteTeam "Crowthorne A"]
[BlackTeam "Oxford 1"]
[WhiteFideId "343111015"]
[BlackFideId "21009287"]
[EventDate "2024.11.23"]

1. d4 Nf6 2. c4 e6 3. g3 d5 4. Nc3 dxc4 5. Bg2 c5 6. Qa4+ Bd7 7. Qxc4 Bc6 8.
Bxc6+ Nxc6 9. dxc5 Qd4 10. Qb3 Bxc5 11. Be3 Qb4 12. Bxc5 Qxc5 13. Nf3 e5 14. O-O
e4 15. Nd2 Qe7 16. Rad1 O-O 17. Nc4 Rad8 18. Ne3 b6 19. Ned5 Nxd5 20. Nxd5 Qe5
21. Qc4 Rd6 22. Rd2 Rfd8 23. Rfd1 Qe6 24. Nf6+ gxf6 25. Qxe6 Rxe6 26. Rxd8+ Nxd8
27. Rxd8+ Kg7 28. Rd7 a6 29. Rd5 Rc6 30. Rd2 a5 31. e3 Rc5 32. a3 Rc1+ 33. Kg2
Rb1 34. g4 h5 35. gxh5 b5 36. Kg3 b4 37. axb4 axb4 38. Kf4 Rh1 39. Kxe4 Rxh2 40.
Kd4 Rxh5 41. Kc4 Rh1 42. Kxb4 Kg6 43. Kc3 Rc1+ 44. Rc2 Rb1 45. b4 Kf5 46. Rb2
Rc1+ 47. Kd2 Rc7 48. b5 Ke5 49. Ke2 Rb7 50. Kf3 Rb6 51. Rb4 f5 52. Kg3 Rg6+ 53.
Kf3 Rb6 54. Ke2 Kd5 55. Kd3 f6 56. Kc3 Kc5 57. Rf4 Kxb5 58. Rxf5+ Ka6 59. Kd4
Kb7 60. Rc5 Re6 61. f4 Kb6 62. e4 Rd6+ 63. Rd5 Re6 64. e5 Kc6 65. Ke4 fxe5 66.
Rxe5 Kd6 67. Kd4 Rxe5 68. fxe5+ Ke6 1/2-1/2

[Event "4NCL Div 2 2024-25"]
[Site "England ENG"]
[Date "2025.02.15"]
[Round "5.23"]
[White "Gallana, Marco"]
[Black "Talsma, Paul"]
[Result "1-0"]
[WhiteElo "2201"]
[BlackElo "2036"]
[WhiteTeam "Celtic Tigers 1"]
[BlackTeam "Warwickshire Select 2"]
[WhiteFideId "824542"]
[BlackFideId "1018779"]
[EventDate "2024.11.23"]

1. Nf3 Nf6 2. c4 c5 3. Nc3 e6 4. e3 Nc6 5. d4 d5 6. cxd5 exd5 7. Bb5 Bd6 8. O-O
O-O 9. dxc5 Bxc5 10. b3 a6 11. Bxc6 bxc6 12. Bb2 Bg4 13. Rc1 Ba7 14. h3 Bh5 15.
Ne2 Rc8 16. Nf4 Bg6 17. Qe2 a5 18. Qa6 Qb6 19. Qxb6 Bxb6 20. Ne5 c5 21. Nexg6
fxg6 22. Bxf6 gxf6 23. Nxd5 Bd8 24. Rc4 1-0

[Event "4NCL Div 2 2024-25"]
[Site "England ENG"]
[Date "2025.02.15"]
[Round "5.24"]
[White "Vaidyanathan, Adithya"]
[Black "Maciol, Ryszard"]
[Result "1-0"]
[WhiteElo "2041"]
[BlackElo "2135"]
[WhiteTeam "Warwickshire Select 2"]
[BlackTeam "Celtic Tigers 1"]
[WhiteFideId "495450"]
[BlackFideId "1118153"]
[EventDate "2024.11.23"]

1. d4 Nf6 2. Nf3 e6 3. c4 a6 4. Nc3 d5 5. cxd5 exd5 6. Bg5 Be6 7. e3 c6 8. Qb3
b5 9. Qc2 Nbd7 10. Bd3 h6 11. Bh4 Be7 12. O-O O-O 13. Rac1 Rc8 14. a3 c5 15.
dxc5 Nxc5 16. Rfd1 Qb6 17. Nd4 b4 18. Na4 Qa5 19. axb4 Qxb4 20. Nxc5 Bxc5 21.
Qb3 a5 22. Qxb4 axb4 23. Ba6 Bxd4 24. Bxc8 Bxb2 25. Rb1 Bc3 26. Bxf6 gxf6 27.
Bxe6 fxe6 28. Kf1 Kf7 29. Ke2 Ra8 30. f4 Ra5 31. h3 Kg6 32. g4 Ra2+ 33. Kf3 Rh2
34. f5+ Kf7 35. fxe6+ Kxe6 36. Rh1 Ra2 37. h4 Ra3 38. Rhd1 b3 39. Rd3 b2 40. Ke2
Ra1 41. Rdd1 Ra4 42. Rg1 f5 43. Kd3 Ra3 44. gxf5+ Kxf5 45. Rbf1+ Ke5 46. Ke2 Rb3
47. h5 Bb4 48. Rb1 Bc5 49. Rg3 Ke4 50. Rg4+ Kf5 51. Rg3 Ke5 52. Rf3 Bd6 53. Rf4
Ke6 54. Rg4 Be5 55. Rg6+ Ke7 56. Rxh6 Rb4 57. Ra6 Rc4 58. Rg6 Rh4 59. h6 Kf7 60.
Rc6 Bf6 61. Rd6 d4 62. exd4 Bxd4 63. Rf1+ Ke7 64. Ra6 Rf4 65. Rd1 Rf6 66. Ra4
Re6+ 67. Kf3 Bh8 68. h7 Rb6 69. Ra8 Rf6+ 70. Kg4 Rd6 71. Re1+ Re6 72. Rb1 1-0

[Event "4NCL Div 2 2024-25"]
[Site "England ENG"]
[Date "2025.02.15"]
[Round "5.25"]
[White "Horton, Jamie A"]
[Black "Paterson, Andrew I"]
[Result "1-0"]
[WhiteElo "2163"]
[BlackElo "1957"]
[WhiteTeam "Celtic Tigers 1"]
[BlackTeam "Warwickshire Select 2"]
[WhiteFideId "421472"]
[BlackFideId "435724"]
[EventDate "2024.11.23"]

1. d4 d5 2. c4 e6 3. Nc3 c6 4. cxd5 exd5 5. Bf4 Bd6 6. Bxd6 Qxd6 7. Qc2 Nf6 8.
e3 O-O 9. Bd3 Re8 10. Nf3 b6 11. h3 Ba6 12. O-O Bxd3 13. Qxd3 Nbd7 14. Rac1 Ne4
15. Rc2 h6 16. Rfc1 Nxc3 17. Rxc3 c5 18. b3 a5 19. Rd1 Nf6 20. Rc2 a4 21. Qb5
axb3 22. axb3 Ne4 23. Qd3 Red8 24. Nd2 Ra3 25. dxc5 Nxc5 26. Qb5 Qg6 27. Rcc1 d4
28. exd4 Rxd4 29. Nf3 Rxd1+ 30. Rxd1 Rxb3 31. Qe8+ Kh7 32. Rd8 Qf6 33. Qg8+ Kg6
34. Rd4 Ne6 35. Rg4+ Kf5 36. Nh4+ Ke5 37. Qb8+ Kd5 38. Qb7+ Kd6 39. Nf3 Qc3 40.
Qxf7 Qc7 41. Qf5 Qc5 42. Qg6 Rb4 43. Qd3+ Kc7 44. Rg6 Qd6 45. Qf5 Qd1+ 46. Kh2
Qd6+ 47. Ne5 Rf4 48. Qxe6 Qxe6 49. Rxe6 Rxf2 50. Rg6 1-0

[Event "4NCL Div 2 2024-25"]
[Site "England ENG"]
[Date "2025.02.15"]
[Round "5.26"]
[White "Patel, Keatan"]
[Black "Tompson, John C"]
[Result "1-0"]
[WhiteElo "1947"]
[BlackElo "2113"]
[WhiteTeam "Warwickshire Select 2"]
[BlackTeam "Celtic Tigers 1"]
[WhiteFideId "477613"]
[BlackFideId "409480"]
[EventDate "2024.11.23"]

1. e4 e5 2. Nf3 Nc6 3. Bb5 a6 4. Ba4 Nf6 5. d3 b5 6. Bb3 Bc5 7. Nc3 h6 8. Nd5 d6
9. c3 Rb8 10. d4 Ba7 11. Be3 Nxd5 12. Bxd5 Bd7 13. O-O O-O 14. Qd2 exd4 15. Bxh6
dxc3 16. Qxc3 gxh6 17. Bxc6 Bxc6 18. Qxc6 Rb6 19. Qc1 Kh7 20. Qf4 Qe7 21. Rac1
c5 22. Rfd1 Bb8 23. Rd5 Rg8 24. Rh5 Rg6 25. Nh4 d5 1-0